Sensores Tortuga 2.0: (Record no. 180938)
[ view plain ]
| 000 -CABECERA | |
|---|---|
| campo de control de longitud fija | 01792cab a2200313 ab4500 |
| 005 - FECHA Y HORA DE LA ÚLTIMA TRANSACCIÓN | |
| campo de control | 20240517105842.0 |
| 008 - ELEMENTOS DE LONGITUD FIJA--INFORMACIÓN GENERAL | |
| campo de control de longitud fija | 991125c2015 sp tr p o 000 0 spa d |
| 035 ## - NÚMERO DE CONTROL DEL SISTEMA | |
| Número de control de sistema | UPN01000208837 |
| 040 ## - FUENTE DE LA CATALOGACIÓN | |
| Centro catalogador/agencia de origen | MX-MxUPN |
| Lengua de catalogación | spa |
| Centro/agencia transcriptor | MX-MxUPN |
| Normas de descripción | aacr2 |
| 049 ## - COLECCIÓN | |
| Colección | ART-E |
| 100 1# - ASIENTO PRINCIPAL--NOMBRE PERSONAL | |
| Nombre de persona | Trinidad, Guzmán |
| 100 1# - ASIENTO PRINCIPAL--NOMBRE PERSONAL | |
| Filiación | guzman.trinidad@gmail.com |
| 100 1# - ASIENTO PRINCIPAL--NOMBRE PERSONAL | |
| Nombre de persona | Aguirre, Andrés |
| 100 1# - ASIENTO PRINCIPAL--NOMBRE PERSONAL | |
| Filiación | aaguirre@fing.edu.uy |
| 100 1# - ASIENTO PRINCIPAL--NOMBRE PERSONAL | |
| Nombre de persona | Aguiar, Alan |
| 100 1# - ASIENTO PRINCIPAL--NOMBRE PERSONAL | |
| Filiación | aaguiar@fing.edu.uy |
| 245 10 - MENCIÓN DE TÍTULO | |
| Título | Sensores Tortuga 2.0: |
| Resto del título | cómo el hardware y software abiertos pueden empoderar a las comunidades de aprendizaje Turtle |
| Medio | [recurso electrónico en línea] |
| 506 0# - NOTA DE RESTRICCIONES AL ACCESO | |
| Limitaciones de acceso | Acceso abierto |
| 520 3# - NOTA DE RESUMEN, ETC. | |
| Sumario, etc. | En este trabajo describimos un enfoque abierto en el uso de la computación con el objetivo de explorar la ciencia y la ingeniería que no está predeterminado o prescrito; por el contrario, su uso está destinado a ser emergente, donde el cambio es una consecuencia de que los maestros, los niños y sus padres aprenden juntos, descubriendo nuevas posibilidades, y comparten esos descubrimientos. Estos diseños abiertos, tanto en hardware como en software, empoderan a los estudiantes y sus comunidades. Ellos son libres de dar forma a las herramientas que utilizan para experimentar y para participar en proyectos que son auténticos en su diseño. Postulamos que cuando a los estudiantes y a sus comunidades se les da el control son más eficaces en sus aprendizajes. |
| 653 0# - TERMINO DE INDIZACION - NO CONTROLADO | |
| Término no controlado | Construccionismo |
| 653 0# - TERMINO DE INDIZACION - NO CONTROLADO | |
| Término no controlado | Programación |
| 653 0# - TERMINO DE INDIZACION - NO CONTROLADO | |
| Término no controlado | Robótica |
| 653 0# - TERMINO DE INDIZACION - NO CONTROLADO | |
| Término no controlado | Software libre |
| 773 ## - ENLACE AL DOCUMENTO FUENTE/ENTRADA DE REGISTRO ANFITRIÓN | |
| Parte(s) relacionada(s) | No. 46 (2015), p. 1-39 |
| Título | RED: revista de educación a distancia |
| Número Internacional Normalizado para Publicaciones Seriadas | 1578-7680 |
| 856 4# - LOCALIZACIÓN Y ACCESO ELECTRÓNICOS | |
| Identificador Uniforme del Recurso | <a href="http://www.um.es/ead/red/46/guzman_et_al.pdf">http://www.um.es/ead/red/46/guzman_et_al.pdf</a> |
| 902 ## - ELEMENTOS DE DATOS B LOCAL, LDB (RLIN) | |
| Creó | Leonor Sotres/030223 |
| 905 ## - TIPO DE MATERIAL | |
| Tipo de material | Articulo |
| 942 ## - ELEMENTOS DE PUNTO DE ACCESO ADICIONAL (KOHA) | |
| Tipo de ítem Koha | Artículo Electrónico |
| Estado de retiro | Estado de pérdida | Estado dañado | No para préstamo | Código de colección | Localización permanente | Ubicación/localización actual | Ubicación en estantería | Fecha de adquisición | Total de préstamos | Fecha visto por última vez | Identificador Uniforme del Recurso | Precio válido a partir de | Tipo de ítem Koha |
|---|---|---|---|---|---|---|---|---|---|---|---|---|---|
| Acceso abierto | Bib. Gregorio Torres Quintero | Bib. Gregorio Torres Quintero | En línea | 03/02/2023 | 03/02/2023 | http://www.um.es/ead/red/46/guzman_et_al.pdf | 03/02/2023 | Artículo Electrónico |
